<?xml version="1.0" encoding="UTF-8"?>
<record
    xmlns:xsi="http://www.w3.org/2001/XMLSchema-instance"
    xsi:schemaLocation="http://www.loc.gov/MARC21/slim http://www.loc.gov/standards/marcxml/schema/MARC21slim.xsd"
    xmlns="http://www.loc.gov/MARC21/slim">

  <leader>01572nam a2200229 a 4500</leader>
  <controlfield tag="001">000013287</controlfield>
  <controlfield tag="005">20200929163203.0</controlfield>
  <controlfield tag="008">081117s1993    dr ac         000 0 spa d</controlfield>
  <datafield tag="040" ind1=" " ind2=" ">
    <subfield code="a">DO-SdBNP</subfield>
    <subfield code="b">spa</subfield>
    <subfield code="c">BNPHU</subfield>
  </datafield>
  <datafield tag="100" ind1="1" ind2=" ">
    <subfield code="a">Castillo Acosta, Luis</subfield>
    <subfield code="9">1251</subfield>
  </datafield>
  <datafield tag="245" ind1="1" ind2="0">
    <subfield code="a">Matem&#xE1;tica :</subfield>
    <subfield code="b">educaci&#xF3;n primaria. /</subfield>
    <subfield code="c">Luis Castillo Acosta, Laura M&#xED;nguez de Valero, Iris Cristina S&#xE1;nchez ; ilustraciones Miguel Cepeda.</subfield>
  </datafield>
  <datafield tag="250" ind1=" " ind2=" ">
    <subfield code="a">3a. ed.</subfield>
  </datafield>
  <datafield tag="260" ind1=" " ind2=" ">
    <subfield code="a">Santo Domingo, :</subfield>
    <subfield code="b">Disesa,</subfield>
    <subfield code="c">1993.</subfield>
  </datafield>
  <datafield tag="300" ind1=" " ind2=" ">
    <subfield code="a">v. :</subfield>
    <subfield code="b">il., retrs. ;</subfield>
    <subfield code="c">27 cm.</subfield>
  </datafield>
  <datafield tag="500" ind1=" " ind2=" ">
    <subfield code="a">Educaci&#xF3;n primaria.</subfield>
  </datafield>
  <datafield tag="500" ind1=" " ind2=" ">
    <subfield code="a">La biblioteca solamente posee el volumen 5.</subfield>
  </datafield>
  <datafield tag="500" ind1=" " ind2=" ">
    <subfield code="a">El contenido de este libro ha sido realizado siguiendo los objetivos, contenidos y actividades del programa de 5to. grado del nivel primario de la Secretar&#xED;a de Estado de Educaci&#xF3;n, Bellas Artes y Cultos</subfield>
  </datafield>
  <datafield tag="505" ind1="0" ind2=" ">
    <subfield code="a">v. 5 :</subfield>
    <subfield code="t">Pr&#xF3;logo --</subfield>
    <subfield code="t">Programaci&#xF3;n --</subfield>
    <subfield code="t">El n&#xFA;mero natural --</subfield>
    <subfield code="t">Adici&#xF3;n y sustraci&#xF3;n de los n&#xFA;meros naturales --</subfield>
    <subfield code="t">La multiplicaci&#xF3;n de n&#xFA;meros naturales --</subfield>
    <subfield code="t">Divisi&#xF3;n de n&#xFA;meros naturales --</subfield>
    <subfield code="t">Conjuntos --</subfield>
    <subfield code="t">Factores o divisores de un n&#xFA;mero --</subfield>
    <subfield code="t">Las fracciones --</subfield>
    <subfield code="t">Suma y resta de fracciones --</subfield>
    <subfield code="t">Multiplicaci&#xF3;n y divisi&#xF3;n de fracciones --</subfield>
    <subfield code="t">Los decimales, la suma y la resta --</subfield>
    <subfield code="t">Multiplicaci&#xF3;n y divisi&#xF3;n de decimales --</subfield>
    <subfield code="t">Raz&#xF3;n, proporci&#xF3;n y tanto por ciento --</subfield>
    <subfield code="t">Unidades de longitud --</subfield>
    <subfield code="t">Los pol&#xED;gonos --</subfield>
    <subfield code="t">La circunferencia --</subfield>
    <subfield code="t">Medidad de superficie --</subfield>
    <subfield code="t">Cuerpos geom&#xE9;tricos --</subfield>
  </datafield>
  <datafield tag="700" ind1="1" ind2=" ">
    <subfield code="a">M&#xED;nguez de Valero, Laura</subfield>
    <subfield code="9">1250</subfield>
  </datafield>
  <datafield tag="700" ind1="1" ind2=" ">
    <subfield code="a">S&#xE1;nchez, Iris Cristina</subfield>
    <subfield code="9">1253</subfield>
  </datafield>
  <datafield tag="700" ind1="1" ind2=" ">
    <subfield code="a">Cepeda, Miguel</subfield>
    <subfield code="e">il.</subfield>
    <subfield code="9">1255</subfield>
  </datafield>
  <datafield tag="952" ind1=" " ind2=" ">
    <subfield code="0">0</subfield>
    <subfield code="1">0</subfield>
    <subfield code="7">1</subfield>
    <subfield code="8">PD</subfield>
    <subfield code="a">PD</subfield>
    <subfield code="b">PD</subfield>
    <subfield code="c">HD</subfield>
    <subfield code="d">2009-11-23</subfield>
    <subfield code="i">LF1</subfield>
    <subfield code="l">0</subfield>
    <subfield code="o"> </subfield>
    <subfield code="p">13287-10</subfield>
    <subfield code="r">2020-06-25</subfield>
    <subfield code="w">2020-06-25</subfield>
    <subfield code="y">LFPD</subfield>
    <subfield code="Z">No se presta</subfield>
  </datafield>
  <datafield tag="999" ind1=" " ind2=" ">
    <subfield code="c">12917</subfield>
    <subfield code="d">12917</subfield>
  </datafield>
</record>
